| 000 | 00863cac a22002531u 4500 | ||
|---|---|---|---|
| 008 | 081214t2005 nju|||||r|||| 00| 0 eng d | ||
| 010 | _a2003064990 | ||
| 020 | _a0131454552 | ||
| 020 | _a013127323X | ||
| 082 | 0 | 0 |
_a004.21 _bKEN _222 |
| 100 |
_aKendall, Kenneth E., _918053 |
||
| 245 | 1 | 0 |
_aSystems analysis and design / _cKenneth E. Kendall, Julie E. Kendall. |
| 250 | _a6th ed. | ||
| 260 |
_aUpper Saddle River, NJ : _bPearson/Prentice Hall, _c2005. |
||
| 300 |
_axxvi, 726 p. : _bcol. ill. ; _c28 cm. |
||
| 500 | _a"International ed." | ||
| 500 | _aPrevious ed.: 1999. | ||
| 504 | _aIncludes bibliographical references and index. | ||
| 650 | 0 |
_aSystem design. _918054 |
|
| 650 | 0 |
_aSystem analysis. _918055 |
|
| 650 | 0 |
_aSystems programming (Computer science) _918056 |
|
| 700 | 1 |
_aKendall, Julie E., _d1952- _918057 |
|
| 942 |
_cBB _k004.21 KEN _2ddc |
||
| 999 |
_c386 _d386 |
||